Statistiques concernant Quiz sur Le Roi Lion (Disney)

Cliquez ici pour prendre le quiz!

Statistiques générales

  • Ce quiz a été pris 10 549 fois
    (9 102 depuis la dernière actualisation)
  • Le résultat moyen est 10 sur 21

Statistiques - réponses

IndiceRéponse% Correct
PhacochèrePumbaa
91%
Meilleure amie / future femme de SimbaNala
90%
Oncle de SimbaScar
90%
Père de SimbaMufasa
89%
SuricateTimon
84%
Une expression qui veut dire "pas de soucis"Hakuna Matata
73%
Là où se déroule l'histoireTerre des {lions}
67%
Compétez les parolesEn poussant très royalement un {rugissement} bestial
65%
Première chansonL'histoire de la vie
47%
Mandrill sageRafiki
45%
Complétez ces citationsToute cette immensité baignée de {lumière} est notre royaume.
45%
CalaoZazu
33%
Complétez ces citationsQuand le monde entier te {persécute}, tu te dois de {persécuter} le monde.
32%
Mère de SimbaSarabi
31%
Cause de la mort du père de SimbaCavalcade de {gnous}
30%
HyènesEd
26%
Compétez les parolesMais y'a dans tout cochon un {poète} qui sommeille
26%
Chanteur qui a écrit la version originale de ces chansonsElton John
25%
Dernière chanson (hors générique)L'amour brille sous les étoiles
24%
HyènesShenzi
18%
HyènesBanzaï
15%

Distribution des résultats

Percentile par nombre de réponses

% des personnes avec chaque résultat

Votre développement - résultats

Vous n’avez pas pris ce quiz depuis la dernière actualisation